00325nam a2200121Ia 4500008004100000041000800041082001200049100002200061245003900083260003800122300003200160365001100192240624s9999 xx 000 0 und d aeng a823 WIL aWILHELM GERTRAUDE aIN THE KINGDOM OF THE GREAT MOGULS c2007aNew DelhibAllied Publisher aviii, : 213 : p. : cm. ; 22 cRSb40